Normal view
MARC view
- الفقة الاسلامي - الزواج والطلاق
Entry Topical Term
001 - CONTROL NUMBER
- control field: 57852
003 - CONTROL NUMBER IDENTIFIER
- control field: JO-AjAnu
005 - DATE AND TIME OF LATEST TRANSACTION
- control field: 20230606083454.0
008 - FIXED-LENGTH DATA ELEMENTS
- fixed length control field: 230606|| aca||aabn | a|a d
040 ## - CATALOGING SOURCE
- Original cataloging agency: JO-AjAnu
- Transcribing agency: JO-AjAnu
150 ## - HEADING--TOPICAL TERM
- Topical term or geographic name entry element: الفقة الاسلامي - الزواج والطلاق
670 ## - SOURCE DATA FOUND
- Source citation: Work cat.: (JO-AjAnu)29517: اعداد الشواشرة، وليد مصطفى حسن؛ اشراف محمود توفيق العواطلي, author 57851, اجتماع حق الله، وحق العبد، واثره في قانون الاحوال الشخصية الاردني رقم 36 لسنة(2010م) ، دراسة تطبيقية باب الزواج والطلاق وآثارهما انموذجاً=Gathering the right of Allah With the right of Worshipper and Its Effect on the Law of Jordanian personal affairs number 36 for the year (2010) practical Married and Deforce Section and its effect as an examplary